Szczegóły MARC21

Becoming an effective mentoring leader : proven strategies for building excellence in your organization /

005 -DATA I CZAS OSTATNIEJ MODYFIKACJI [,]
    • @
    • pole kontrolne
    • 20140404142715.0
020 -Międzynarod. znormalizowany nr książki - ISBN [ , ]
    • a
    • Numer ISBN
    • 9780071805704 Find
020 -Międzynarod. znormalizowany nr książki - ISBN [ , ]
    • a
    • Numer ISBN
    • 9780071805711 (eISBN) Find
020 -Międzynarod. znormalizowany nr książki - ISBN [ , ]
    • a
    • Numer ISBN
    • 0071805710 (eMHID) Find
020 -Międzynarod. znormalizowany nr książki - ISBN [ , ]
    • a
    • Numer ISBN
    • 0071805702 (MHID) Find
040 -Instytucja sporządzająca opis [ , ]
    • a
    • Instytucja, która sporządziła opis (NP)
    • SZCZ U/DL
    • c
    • Instytucja, która sporządziła rekord (NP)
    • SZCZ U/DL
    • d
    • Instytucja, która zmodyfikowała rekord (P)
    • SZCZ U/RJ
041 -Język dokumentu [0, ]
    • a
    • Język tekstu (P)
    • angielski
044 -Kraj miejsca wydania [ , ]
    • a
    • Kraj miejsca wydania
    • USA
942 -Rodzaj dokumentu [ , ]
    • c
    • Rodzaj dokumentu
    • Książka
100 -Hasło główne - nazwa osobowa [1, ]
    • 9
    • KHW
    • 69472
    • a
    • Nazwa osobowa (NP)
    • Rothwell, William J.
    • d
    • Daty biograficzne (NP)
    • (1951- ).
245 -Strefa tytułu i oznaczenia odpowiedzialności [1,0]
    • a
    • Tytuł
    • Becoming an effective mentoring leader : Find
    • b
    • Ciąg dalszy tytułu (NP)
    • proven strategies for building excellence in your organization / Find
    • c
    • Pozostałe elementy strefy tytułu i oznaczenia odpowiedzialności (NP)
    • William J. Rothwell, Peter Chee.
246 -Wariant tytułu [3, ]
    • a
    • Tytuł (NP)
    • Mentoring leader
260 -Strefa adresu wydawniczego [ , ]
    • a
    • Miejsce wydania (P)
    • New York :
    • b
    • Nazwa wydawcy (P)
    • McGraw-Hill,
    • c
    • Data wydania (P)
    • cop. 2013.
300 -Strefa opisu fizycznego [ , ]
    • a
    • Określenie formy książki i/lub objętość (NP)
    • XV, 198 s. :
    • b
    • Oznaczenie ilustracji (NP)
    • il. ;
    • c
    • Format (NP)
    • 24 cm.
504 -Uwaga dot. bibliogr. załącznikowej [ , ]
    • a
    • Uwaga dot. bibliografii załącznikowej
    • Bibliogr. Ind.
080 -Uniwersalna Klasyfikacja Dziesiętna [ , ]
    • 2
    • Identyfikator wydania tablic
    • UDC-P058
    • 9
    • UKD
    • 2229
    • a
    • Symbol klasyfikacji
    • 005.95/.96
    • b
    • Dopowiedzenie
    • Zarządzanie. Zarządzanie personelem. Zarządzanie zasobami ludzkimi. Mentoring.
    • 4
    • UKD2
    • 7644
    • x
    • Poddział wspólny
    • =111
    • c
    • Dopowiedzenie poddz. wspólnego
    • =Język angielski.
980 -Symbol UKD [ , ]
    • a
    • UKD
    • 005.95/.96=111
700 -Hasło dodatkowe - nazwa osobowa [2, ]
    • 9
    • KHW
    • 69471
    • a
    • Nazwa osobowa (NP)
    • Chee, Peter. Find
710 -Hasło dodatkowe - nazwa ciała zbiorowego [2, ]
    • 9
    • KHW
    • 50887
    • a
    • Nazwa ciała zbiorowego lub nazwa geograficzna jako pierwszy element (NP)
    • McGraw-Hill Companies.
920 -ISBN [ , ]
    • a
    • ISBN
    • 978-0-07-180570-4 Find
920 -ISBN [ , ]
    • a
    • ISBN
    • 978-0-07-180571-1 (e-ISBN) Find
920 -ISBN [ , ]
    • a
    • ISBN
    • 0-07-180571-0 (e-MHID) Find
920 -ISBN [ , ]
    • a
    • ISBN
    • 0-07-180570-2 (MHID) Find
Numer inwentarzowy Status udost. Data inwentaryzacji Lokalizacja Obwoluta
T.15260-22014-03-10T1